| 000 | 00753nam a2200217Ia 4500 | ||
|---|---|---|---|
| 003 | GCL | ||
| 008 | 140319s9999 xx 000 0 ara d | ||
| 040 |
_aGCL / _cGCL |
||
| 082 | 0 | 4 |
_a320.54 _bا م |
| 100 | 1 | _aاحمد ثابت | |
| 245 | 1 | 0 |
_aمن حملة مشاعل التقدم العربى عصمت سيف ا لدولة / _cاحمد ثابت |
| 250 | _aالاولى | ||
| 260 |
_aالقاهرة : _bمركز دراسات الوحدة العربية ، _c2001 |
||
| 300 |
_a419 ص ؛ _c24 سم |
||
| 490 |
_aالاعمال الكاملة _v0 |
||
| 650 | 0 | 4 | _aالعالم العربى |
| 650 | 0 | 4 | _aالقضية الفلسطينية |
| 650 | 0 | 4 | _aالقومية العربية |
| 650 | 0 | 4 | _aسيف الدولة، عصمت |
| 942 |
_2ddc _cBK |
||
| 999 |
_c29609 _d29609 |
||